|
|
|
|
| LEADER |
01761nam a2200445 a 4500 |
| 001 |
nkc20122359217 |
| 003 |
CZ PrNK |
| 005 |
20120813103829.0 |
| 007 |
ta |
| 008 |
120404s2012 xr a e c 000 0dcze |
| 020 |
|
|
|a 978-80-260-2017-2
|q (brož.)
|
| 040 |
|
|
|a ABA001
|b cze
|
| 043 |
|
|
|a e-xr---
|
| 045 |
|
|
|a x9y1
|
| 072 |
|
7 |
|a 77
|x Fotografie. Fotografické postupy
|2 Konspekt
|9 21
|
| 080 |
|
|
|a 77.04
|2 MRF
|
| 080 |
|
|
|a (437.3)
|2 MRF
|
| 080 |
|
|
|a (083.824)
|2 MRF
|
| 100 |
1 |
|
|a Pinkava, Ivan,
|d 1961-
|7 jn19990006572
|4 art
|
| 245 |
1 |
0 |
|a Ivan Pinkava :
|b indexace : Galerie Dům 29.4.-10.6.2012 /
|c [kurátor výstavy a autor textu Petr Vaňous]
|
| 246 |
3 |
|
|a Indexace - Ivan Pinkava
|
| 260 |
|
|
|a V Broumově :
|b Galerie Dům,
|c c2012
|
| 300 |
|
|
|a [10] s. :
|b il. ;
|c 24 cm
|
| 500 |
|
|
|a Text je výňatkem z publikace Remains, kterou připravuje nakl. Arbor Vitae při příležitosti výstavy I.P. v American University Museum at the Katzen Arts Center Washington, DC
|
| 500 |
|
|
|a Název ze záložky obálky
|
| 500 |
|
|
|a 200 výt.
|
| 600 |
1 |
7 |
|a Pinkava, Ivan,
|d 1961-
|7 jn19990006572
|2 czenas
|
| 648 |
|
7 |
|a 20.-21. století
|7 ch462155
|2 czenas
|
| 648 |
|
4 |
|a 1993-2011
|
| 650 |
0 |
7 |
|a umělecká fotografie
|7 ph126879
|z Česko
|y 20.-21. století
|2 czenas
|
| 650 |
0 |
9 |
|a artistic photography
|z Czechia
|y 20th-21st centuries
|2 eczenas
|
| 655 |
|
7 |
|a katalogy výstav
|7 fd132536
|2 czenas
|
| 655 |
|
9 |
|a exhibition catalogs
|2 eczenas
|
| 700 |
1 |
|
|a Vaňous, Petr,
|d 1975-
|7 jx20060802004
|4 wfw
|
| 710 |
2 |
|
|a Galerie Dům (Broumov, Náchod, Česko)
|7 kn20120521007
|
| 910 |
2 |
|
|a BOA001
|b 2-1286.487
|
| 990 |
|
|
|a BK
|
| 995 |
|
|
|a 11
|
| 991 |
|
|
|b 201208
|c NOV
|e n
|
| 996 |
6 |
|
|b 2610519094
|c 2-1286.487
|l MZK
|r Sklad / do 1 hodiny
|n 4
|p p.v.
|w 001272043
|u 000010
|a 1
|e BOA001
|j MZK50
|s P
|